Islamic Jurisprudence and the Role of Necessity and Need (Record no. 7214)

MARC details
000 -LEADER
fixed length control field 00590nam a2200229 a 4500
020 ## - INTERNATIONAL STANDARD BOOK NUMBER
ISBN
082 00 - DEWEY DECIMAL CLASSIFICATION NUMBER
Classification number 340.59
Author Cutter MUS5
100 ## - MAIN ENTRY--AUTHOR NAME
Author name Muslehuddin Mohd,
245 ## - TITLE STATEMENT
Title Islamic Jurisprudence and the Role of Necessity and Need
260 ## - PUBLICATION, DISTRIBUTION, ETC. (IMPRINT)
Place of publication Delhi
Name of publisher Kitab Bhavan
Year of publication 1982
300 ## - PHYSICAL DESCRIPTION
Number of Pages 69p
500 ## - GENERAL NOTE
General note includes index and biblioraphy
650 ## - SUBJECT ADDED ENTRY--TOPICAL TERM
Topical Term Islamic-Law Jurisprudence
942 ## - ADDED ENTRY ELEMENTS (KOHA)
Koha item type Books
700 1# -
-- Muslehuddin Mohd,
Holdings
Collection code Home library Current library Date acquired Cost, normal purchase price Full call number Accession Number Koha item type
  Henry Martyn Institute Library Henry Martyn Institute Library 05/04/2007 100.00 340.59 MUS5 011235 Books
                   Copyright © 2026 | Henry Martyn Institute | Hyderabad | TS-500052 | INDIA | Implemented by hmi.edu.in
Hit-Count:

Powered by Koha